000 01125nam a22003497a 4500
003 CHAP
005 20220329141453.0
008 971013s1985 r 00010 d
010 _a68691
011 _a69663
035 _a79140
040 _cCHAP
082 _a632.7
_bG5
100 0 0 _aGuirau Fluxa, Marc.
_951437
245 _aDefensa de los cultivos
260 _aBarcelona :
_bSintes,
_c1985
300 _a286 p.
_b: ilus.
490 _aBiblioteca del agricultor
500 _a31-44
590 _aBATCH-UPD
_b10
_c20130110
_lUCH01
_h0410
590 _aBATCH-UPD
_b10
_c20130110
_lUCH01
_h1954
590 _aCONVERSION
_b10
_c20130109
_lUCH01
_h1338
650 1 4 _aCultivos
_xEnfermedades.
_930262
650 1 4 _aCultivos
_xPlagas.
_930305
650 1 4 _aInsecticidas.
_958855
830 0 _aBiblioteca del agricultor
_912353
901 _aBK
942 _cLIBRO
949 _a632.7 G5
_bBC
_cLIBRO
_d-32022
_eLIBRO
_gI.144475
_h75653
_i79140
_si
_t78.00
949 _a632.7 G5
_bBC
_cLIBRO
_d33724000180931
_eLIBRO
_fc.2
_h45193
_i79140
_si
_t78.00
949 _a632.7 G5
_bBC
_cLIBRO
_d33724000180949
_eLIBRO
_fc.3
_h78082
_i79140
_si
_t78.00
999 _c68691
_d68691